Lanean...
Probability and statistics /
| Egile nagusia: | |
|---|---|
| Hizkuntza: | Undetermined |
| Argitaratua: |
1971.
|
| Gaiak: |
| LEADER | 00442nam a2200145Ia 4500 | ||
|---|---|---|---|
| 001 | 14249 | ||
| 008 | 170722s9999 xx 000 0 und d | ||
| 100 | |a Edwards, Allen L. | ||
| 245 | |a Probability and statistics / | ||
| 260 | |c 1971. | ||
| 653 | |a Mathematics | ||
| 653 | |a Probability | ||
| 942 | |c GEN | ||
| 999 | |c 85518 |d 85518 | ||
| 952 | |0 0 |1 0 |4 0 |6 B_281_000000000000000_L11 |7 0 |8 CR |9 119760 |a LIB |b LIB |d 2013-03-25 |h CR |o B281 L11 |p 150165 |r 2017-08-12 |w 2017-08-12 |y GEN | ||